Estadísticas de precios de granos básicos y otros productos (fotocopia)/
Enregistré dans:
| Collectivité auteur: | |
|---|---|
| Format: | Livre |
| Langue: | Spanish |
| Publié: |
[Guatemaña]
SIECA
[1974]
|
| Sujets: | |
| Tags: |
Ajouter un tag
Pas de tags, Soyez le premier à ajouter un tag!
|
MARC
| LEADER | 00000nam a22000007a 4500 | ||
|---|---|---|---|
| 003 | cru CRAI/ IIS | ||
| 005 | 20220713114045.0 | ||
| 008 | 220711b gt ||||| |||| 00| 0 spa d | ||
| 040 | |c cru CRAI/ IIS | ||
| 090 | |a 07.01.03 S446e | ||
| 110 | |9 10263 |a SIECA | ||
| 245 | 1 | |a Estadísticas de precios de granos básicos y otros productos (fotocopia)/ |c Secretaria Permanente del Tratado General de Integración Económica Centroamericana (SIECA) | |
| 260 | |a [Guatemaña] |b SIECA |c [1974] | ||
| 300 | |a 74 páginas | ||
| 500 | |a Colección Centroamérica | ||
| 505 | |a El documento presenta los datos estadísticos de los precios de los granos básicos y otros productos en Centroamérica. La mayoría de los cuadros son fuente de Wall Street Journal | ||
| 650 | 0 | 7 | |0 TESAUROS |
| 650 | 0 | 0 | |9 3464 |a MERCADOS DE PRODUCTOS BÁSICOS |
| 650 | 0 | 0 | |9 3464 |a MERCADOS DE PRODUCTOS BÁSICOS |
| 650 | 0 | 0 | |9 3587 |a LISTAS DE PRECIOS |
| 650 | 0 | 0 | |9 3487 |a PRODUCCION DE MADERA |
| 942 | |2 z |c LI |h 07.01.03 S446e |6 070103_S446E | ||
| 999 | |c 44381 |d 44381 | ||
